[Event "Nuremberg Zabo op 23rd"]
[Site "Nuremberg"]
[Date "2023.09.17"]
[Round "5"]
[White "Engel, David"]
[Black "Held, Werner"]
[Result "1-0"]
[WhiteElo "1535"]
[BlackElo "1051"]
[PlyCount "37"]
[EventDate "2023.09.15"]
[EventType "swiss"]
[EventRounds "5"]
[EventCountry "GER"]
[SourceTitle "EXT 2024"]
[Source "ChessBase"]
[SourceDate "2023.10.10"]
[SourceVersion "1"]
[SourceVersionDate "2023.10.10"]
[SourceQuality "1"]

1. e4 e5 2. Nf3 d6 3. Bc4 h6 4. 0-0 a6 5. c3 b5 6. Bb3 Bb7 7. Re1 Nf6 8. d3 c5 9. Be3 g5 10. h3 Bc8 11. Nh2 a5 12. a3 a4 13. Ba2 Be7 14. Qf3 Nbd7 15. d4 Bb7 16. Nd2 cxd4 17. cxd4 Qb6 18. dxe5 dxe5 19. Bxb6 1-0

[Event "IECC TH-M-3620"]
[Site "IECC email"]
[Date "2021.04.18"]
[Round "?"]
[White "Engel, David"]
[Black "Radding, Marvin"]
[Result "1-0"]
[WhiteElo "1020"]
[BlackElo "1184"]
[PlyCount "39"]
[EventDate "2021.??.??"]
[EventType "tourn (corr)"]
[SourceTitle "Corr 2024"]
[Source "ChessBase"]
[SourceDate "2023.10.19"]
[SourceVersion "1"]
[SourceVersionDate "2023.10.19"]
[SourceQuality "1"]
[WhiteTeam "Vereinigte Staaten"]
[BlackTeam "Vereinigte Staaten"]
[WhiteTeamCountry "USA"]
[BlackTeamCountry "USA"]

1. e4 e5 2. Nf3 Nc6 3. Bb5 f5 4. exf5 a6 5. Bxc6 bxc6 6. c4 e4 7. Nd4 c5 8. Nb3 d6 9. d4 cxd4 10. Nxd4 c5 11. Ne2 Bxf5 12. Nf4 Nf6 13. Nc3 Be7 14. Ne6 Bxe6 15. 0-0 0-0 16. Bg5 Bxc4 17. Ne2 d5 18. b3 Bd3 19. f3 Qb6 20. fxe4 1-0

[Event "IECC TH-M-3620"]
[Site "IECC email"]
[Date "2021.04.18"]
[Round "?"]
[White "Radding, Marvin"]
[Black "Engel, David"]
[Result "0-1"]
[WhiteElo "1216"]
[BlackElo "1051"]
[PlyCount "34"]
[EventDate "2021.??.??"]
[EventType "tourn (corr)"]
[SourceTitle "Corr 2024"]
[Source "ChessBase"]
[SourceDate "2023.10.19"]
[SourceVersion "1"]
[SourceVersionDate "2023.10.19"]
[SourceQuality "1"]
[WhiteTeam "Vereinigte Staaten"]
[BlackTeam "Vereinigte Staaten"]
[WhiteTeamCountry "USA"]
[BlackTeamCountry "USA"]

1. e4 e5 2. Nf3 Nc6 3. Bb5 a6 4. Ba4 Nf6 5. 0-0 d6 6. d4 exd4 7. Re1 Bg4 8. Bxc6+ bxc6 9. c3 dxc3 10. Nxc3 Be7 11. h3 d5 12. e5 Ne4 13. hxg4 h5 14. Nxe4 dxe4 15. Qxd8+ Rxd8 16. Rxe4 hxg4 17. Rxg4 Rd1+ 0-1